Normal view
MARC view
Entry Personal Name
001 - CONTROL NUMBER
- control field: 2484
003 - CONTROL NUMBER IDENTIFIER
- control field: ARRUPE
005 - DATE AND TIME OF LATEST TRANSACTION
- control field: 20131011135627.0
008 - FIXED-LENGTH DATA ELEMENTS
- fixed length control field: 131011|| aca||aabn | a|a d
040 ## - CATALOGING SOURCE
- Original cataloging agency: ARRUPE
- Transcribing agency: ARRUPE
100 ## - HEADING--PERSONAL NAME
- Personal name: Célérier, Patricia,
- Dates associated with a name: 1956-
670 ## - SOURCE DATA FOUND
- Source citation: Work cat.: (ARRUPE)0: Cazenave, Odile M. (Odile Marie), 1961- 2481, Contemporary Francophone African writers and the burden of commitment /, 2011.